000 00857nas a22002297a 4500
005 20260521145749.0
008 260521b20152019pormr|p|||||| 00| z por d
040 _cBR-ViAPE
245 _aSomos Capixabas
260 _aVitória
_bTutté Comunicação & Arte
_c2015-2019
300 _av.
_bil.
310 _aMensal
362 _an. 9 (out. 2015) - n. 40 (dez. 2019).
500 _aDisponibilizada apenas a imagem da capa na versão digital, em virtude de restrições de direitos autorais.
500 _aColeção incompleta: disponíveis apenas alguns números do periódico.
650 _2Carnaval
_xDesfile das Escolas de Samba
_xSocial
_zEspírito Santo
651 _aEspírito Santo (Brasil)
_vPeriódicos
700 _aOliveira, José Carlos de
_eDiretor Comercial
710 _aTutté Comunicação & Arte
942 _2ddc
_cPER
_n1
999 _c705
_d705